| 000 | 00682cam a22002054a 4500 | ||
|---|---|---|---|
| 999 |
_c7202 _d7202 |
||
| 003 | OSt | ||
| 005 | 20230705181335.0 | ||
| 008 | 070413s2008 maua 000 0 eng | ||
| 020 | _a9780262026307 (pbk. : alk. paper) | ||
| 035 | _a(OCoLC)ocn123377326 | ||
| 082 | 0 | 0 |
_a721 _222 |
| 100 | 1 | _aBlanciak, François. | |
| 245 | 1 | 0 |
_aSiteless : _b1001 building forms / _cFrançois Blanciak. |
| 260 |
_aCambridge, Mass. : _bMIT Press, _cc2008. |
||
| 300 |
_axi, 114 p. : _bchiefly ill. ; _c21 cm. |
||
| 505 | 0 | _aHong Kong -- New York -- Copenhagen -- Los Angeles -- Tokyo -- Scale test. | |
| 650 | 0 |
_aArchitecture _xComposition, proportion, etc. |
|
| 650 | 0 | _aForm (Aesthetics) | |
| 942 | _2ddc | ||